UM Logo

Cashing in through linkedin: (Record no. 6441)

MARC details
000 -LEADER
fixed length control field 00591nam a2200157 4500
008 - FIXED-LENGTH DATA ELEMENTS--GENERAL INFORMATION
fixed length control field 170323b xxu||||| |||| 00| 0 eng d
022 ## - INTERNATIONAL STANDARD SERIAL NUMBER
International Standard Serial Number 01153544
082 ## - DEWEY DECIMAL CLASSIFICATION NUMBER
Classification number DPer 338.05 En86 Apr-Jul 2015 v. 15, n. 158-161
100 ## - MAIN ENTRY--PERSONAL NAME
9 (RLIN) 19508
Personal name Goodman, Michelle
245 ## - TITLE STATEMENT
Title Cashing in through linkedin:
Remainder of title how to use the professional network to find investors/
Statement of responsibility, etc. Michelle Goodman.
260 ## - PUBLICATION, DISTRIBUTION, ETC. (IMPRINT)
Place of publication, distribution, etc. Philippines:
Name of publisher, distributor, etc. Summit Media,
Date of publication, distribution, etc. Apr-Jul 2015.
300 ## - PHYSICAL DESCRIPTION
Extent v15 n160, pages 28:
Other physical details illustrations,
Dimensions 28 cm.
500 ## - GENERAL NOTE
General note Entrepreneur.
650 #0 - SUBJECT ADDED ENTRY--TOPICAL TERM
9 (RLIN) 19509
Topical term or geographic name as entry element Business enterprises
General subdivision Network
942 ## - ADDED ENTRY ELEMENTS (KOHA)
Source of classification or shelving scheme Dewey Decimal Classification
Koha item type Periodicals
Holdings
Withdrawn status Lost status Source of classification or shelving scheme Damaged status Not for loan Collection code Home library Current library Date acquired Total Checkouts Full call number Date last seen Price effective from Koha item type Public note
    Dewey Decimal Classification     Periodicals UM Digos College - LIC UM Digos College - LIC 03/23/2017   DPer 338.05 En86 Apr-Jul 2015 v. 15, n. 158-161 03/23/2017 03/23/2017 Periodicals Periodical article